| 000 | 00660nam a2200133Ia 4500 | ||
|---|---|---|---|
| 008 | 220620s9999||||xx |||||||||||||| ||und|| | ||
| 022 | _a1572-1957 / 2542-9957 | ||
| 100 | _aEugène J.F.M. Custers||Olle ten Cate||Steven J. Durning | ||
| 245 | 0 | _aPrinciples and Practice of Case-based Clinical Reasoning Education: A Method for Preclinical Students | |
| 546 | _aEnglish[eng] | ||
| 650 | _aproblem-based learning||dual process theory||diagnostic errors||peer teaching||assessment of clinical reasoning||diagnostic bias||scripts||semantic qualifiers||medical problem-solving | ||
| 856 | _uhttps://link.springer.com/book/10.1007/978-3-319-64828-6 | ||
| 942 | _cEB | ||
| 999 |
_c32688 _d32688 |
||